Drink Up! Quiz Stats

Quiz Updated Aug 18, 2012

Also try: Top Beer Brewers
Challenge
Share
Tweet
Score 0/20 Timer 05:00
3 Plays Today
Number Drinkware % Correct
Cocktail Glass
89.2%
Beer Mug
88.4%
Champagne Flute
87.2%
Shot Glass
78.1%
Punch Bowl
77.4%
Brandy Snifter
58.3%
Mason Jar
57.8%
Coupette Glass
55.8%
Red Wine Glass
53.1%
White Wine Glass
52.6%
Number Drinkware % Correct
Pint Glass
39.7%
Coffee Mug
38.1%
Highball Glass
35%
Old-Fashioned Glass
28.6%
Cordial Glass
27.3%
Pilsner Glass
27.1%
Hurricane Glass
17.4%
Irish Coffee Mug
16.7%
Collins Glass
10.9%
Pousse-Cafe Glass
1%

You're not logged in!

Compare scores with friends on all Sporcle quizzes.
Join for Free
OR
Log In

You Might Also Like...

Show Comments

Extras

Top Quizzes Today


Score Distribution

Your Account Isn't Verified!

In order to create a playlist on Sporcle, you need to verify the email address you used during registration. Go to your Sporcle Settings to finish the process.

Report this User

Report this user for behavior that violates our Community Guidelines.

Details: